Các giải pháp kiến trúc khí hậu Việt Nam

Tallennettuna:
Bibliografiset tiedot
Aineistotyyppi: Kirja
Kieli:Vietnamese
Julkaistu: Khoa học Kỹ Thuật 2002
Aiheet:
Tagit: Lisää tagi
Ei tageja, Lisää ensimmäinen tagi!
Thư viện lưu trữ: Mạng thư viện Đại học Đà Nẵng
LEADER 01042nam a2200301 a 4500
001 000003534
003 02447
005 20171229145311.0
008 171229s2002 vie
040 |a LSK 
041 0 |a VIE 
082 0 |a 720.47  |b PH-N 
245 0 0 |a Các giải pháp kiến trúc khí hậu Việt Nam  |c Phạm Đức Nguyên chủ biên; Nguyễn Thu Hòa, Trần Quốc Bảo 
260 |b Khoa học Kỹ Thuật  |c 2002 
300 |a 247 pages  |c 24 cm. 
653 |a Kiến trúc - Giải pháp 
852 |a Phòng Đọc - Phòng Mượn 
901 |a 20 
927 |a Sách tham khảo 
OWN |a LSK 
AVA |a UDN50  |b LSK  |d 720.47 PH-N  |e check_holdings  |t Error 5003 Not defined in file expand_doc_bib_avail.  |h N  |k 1 
999 |a From the UDN01 
AVA |a UDN50  |b LSK  |d 720.47 PH-N  |e available  |t Error 5001 Not defined in file expand_doc_bib_avail.  |f 20  |g 0  |h N  |i 0  |k 1 
TYP |a Monograph 
TYP |a Printed language 
980 |a Mạng thư viện Đại học Đà Nẵng